El misterio de la cruz
Kaydedildi:
| Asıl Yazarlar: | , , , |
|---|---|
| Materyal Türü: | Kitap |
| Dil: | İspanyolca |
| Baskı/Yayın Bilgisi: |
Pamplona
Verbo Divino
2014
|
| Edisyon: | 1a. ed |
| Seri Bilgileri: | Cuadernos Bíblicos, 166
|
| Konular: | |
| Etiketler: |
Etiketle
Etiket eklenmemiş, İlk siz ekleyin!
|
MARC
| LEADER | 00000cam a2200000 a 4500 | ||
|---|---|---|---|
| 001 | UCD4409 | ||
| 003 | CL-VaPUC | ||
| 008 | 160708e20140000sp |||||||||||||||||spa|d | ||
| 020 | |a 9788490730737 | ||
| 082 | 0 | 4 | |a 232.963 |b BAU |2 21 |
| 100 | 0 | |a Baudoz, Jean-Francois |e author |9 588083 | |
| 700 | 0 | |a Carrière, Jean-Marie |e author |9 588084 | |
| 700 | 0 | |a Dupont-Roc, Roselyne |e author |9 588085 | |
| 700 | 0 | |a Raimbault, Christophe |e author |9 588086 | |
| 245 | 1 | 3 | |a El misterio de la cruz |
| 250 | |a 1a. ed | ||
| 300 | |a 57 p | ||
| 942 | |c BK | ||
| 945 | |d 20160708 23:22:00 |a dcastane | ||
| 260 | |a Pamplona |b Verbo Divino |c 2014 | ||
| 650 | 0 | |a Cristología |9 315091 | |
| 650 | 0 | |a Vida de Jesús |9 478097 | |
| 650 | 7 | |a CRUZ |2 CL-VaPUC |9 267341 | |
| 650 | 7 | |a CRUCIFIXION |2 CL-VaPUC |9 395258 | |
| 583 | |a last modification |c 20160708 23:22:00 |k Rodrigo Vera | ||
| 490 | 0 | |a Cuadernos Bíblicos, 166 | |
| 999 | |c 365307 |d 365305 | ||
| 952 | |0 0 |1 0 |3 erb |4 0 |6 232_963000000000000_BAU_2014 |7 0 |8 A |9 479107 |a BIBTEO |b BIBTEO |i 5296269 |o 232.963 BAU 2014 |p 5296269 |r 2025-01-17 |w 2019-11-24 |y BK |z Catalogado en:20160708 |k ICR | ||